000 01308nam a22003497a 4500
003 CHAP
005 20220329135510.0
008 971013s1984 r 00010 d
010 _a37595
011 _a38567
035 _a42687
040 _cCHAP
090 _aTesis
100 0 0 _aPat Fernández, Juan Manuel.
_986140
245 _aInfluencia de la localidad, variedad y prácticas culturales en la incidencia del virus del rayado fino del maíz en la zona Coatlinchan, México.
260 _aChapingo, Méx. :
_bEl autor,
_c1984
300 _a69 h.
_b: gráfs.
502 _aTesis (Ing. Agr. Esp. en Parasitología Agrícola) -- UACH. Departamento de Parasitología Agrícola
590 _aALEPH
_b10
_c20130110
_lUCH01
_h1303
590 _aBATCH-UPD
_b10
_c20130110
_lUCH01
_h0201
590 _aBATCH-UPD
_b10
_c20130110
_lUCH01
_h2208
590 _aBATCH-UPD
_b10
_c20130409
_lUCH01
_h2209
590 _aBATCH-UPD
_b10
_c20130410
_lUCH01
_h1512
590 _aBATCH-UPD
_b10
_c20130914
_lUCH01
_h1135
590 _aCONVERSION
_b10
_c20130109
_lUCH01
_h1321
650 1 4 _aDalbulus maidis.
_930930
650 1 4 _aMaíz
_xEnfermedades por virus.
_970943
710 0 _aUACH. Departamento de Parasitología Agrícola.
_9115877
901 _aBK
942 _cTESIS
949 _bBC
_cTES
_d-98163
_eTS1
_h17346
_i42687
_si
999 _c37595
_d37595